| 000 | 00641nam a2200193Ia 4500 | ||
|---|---|---|---|
| 003 | GCL | ||
| 008 | 140319s9999 xx 000 0 ara d | ||
| 040 |
_aGCL / _cGCL |
||
| 082 | 0 | 4 |
_a219.9 _bم م |
| 100 | 1 | _aهاشم صالح | |
| 245 | 1 | 0 |
_aمن فيصل التفرقة الى فصل المقال: اين هو الفكر الاسلامى المعاصر ? / _cهاشم صالح |
| 700 | 1 | _aمحمد اركون | |
| 300 | _a198 ص | ||
| 490 |
_aالهيئة العامة للاستعلامات _v0 |
||
| 650 | 0 | 4 | _aالاسلام |
| 650 | 0 | 4 | _aالاسلام والمجتمع |
| 650 | 0 | 4 | _aالاسلام - فلسفة |
| 942 |
_2ddc _cBK |
||
| 999 |
_c49052 _d49052 |
||